000 00413nam a2200169Ia 4500
008 230524s9999 xx 000 0 und d
020 _a8170089166
082 _a621.317
_bSTE
100 _aR.K.rajput
245 2 _aA Text Book of Power System Engineering
250 _a4TH
260 _aNOIDA
_bLaxmi Pub
_c2010
300 _aXVI;1085
500 _aQuantity Number: 2
650 _aElectrical
942 _cBK
999 _c48093
_d48093